[Event "FRA-chT4 0001"]
[Site "Bretagne"]
[Date "2001.01.14"]
[Round "4"]
[White "Lemesle, Gildas"]
[Black "Lenoir, Patrice"]
[Result "1/2-1/2"]
[WhiteElo "1760"]
[BlackElo "1870"]
[PlyCount "132"]
[EventDate "2000.10.??"]
[EventType "team"]
[EventRounds "7"]
[EventCountry "FRA"]
[SourceTitle "EXT 2005"]
[Source "ChessBase"]
[SourceDate "2004.11.15"]
[SourceVersion "1"]
[SourceVersionDate "2004.11.15"]
[SourceQuality "1"]

1. e4 e5 2. Nf3 Nc6 3. Bc4 Bc5 4. c3 Nf6 5. d4 exd4 6. cxd4 Bb4+ 7. Bd2 Bxd2+ 8. Nbxd2 d6 9. 0-0 0-0 10. d5 Ne7 11. Nd4 Ng6 12. f4 Ng4 13. Qf3 Qf6 14. N2b3 Qh4 15. Qg3 a6 16. Qxh4 Nxh4 17. Rfe1 Ng6 18. g3 h5 19. Bd3 Nf6 20. Rac1 Ne8 21. f5 Ne5 22. Bf1 f6 23. Be2 g6 24. fxg6 Kg7 25. Nf3 Nxf3+ 26. Bxf3 Kxg6 27. Nd4 Bd7 28. Kg2 Rc8 29. Rc3 c5 30. Ne2 Ng7 31. Rd1 Kh6 32. h3 f5 33. Nf4 Rce8 34. Re1 fxe4 35. Rxe4 Bf5 36. Ra4 Bc8 37. Raa3 b5 38. Re3 b4 39. Rxe8 Rxe8 40. Ra5 Bb7 41. Kf2 Re5 42. a3 bxa3 43. Rxa3 Nf5 44. Rb3 Re7 45. Nxh5 Nd4 46. Rb6 Nxf3 47. Rxd6+ Kxh5 48. Kxf3 Rf7+ 49. Ke4 Bc8 50. g4+ Kg5 51. Rc6 Bd7 52. Rxc5 Bb5 53. d6+ Kg6 54. Ke5 Rf2 55. b4 Rb2 56. Rc7 Rxb4 57. d7 Bxd7 58. Rxd7 a5 59. Rd4 Rb8 60. Ra4 Ra8 61. Ra3 Kg5 62. Kd5 Kh4 63. Kc5 Rb8 64. Kc4 Rb4+ 65. Kc3 Kxh3 66. Rxa5 Rxg4 1/2-1/2